1367 1199 1842 1121 1981 1084 1216 1783 1426 1041 1096 1061 1638 1250 1013 1184 1191 1458 1028 1113 1696 1719 1079 1348 1006 1561 1454 1976 1251 1041 1542 1646 1609 1767 1684 1646 1077 1292 1866 1661 1029 1974 1844 1575 1173 1360 1842 1449 1110 1088 1095 1173 1097 1328 1105 1835 1212 1617 1757 1151 1808 1646 1517 1100 1311 1421 1923 1579 1059 1983 1898 1299 1626 1165 1108 1313 1829 1566 1054 1973 1856 1773 1989 1798 1259 1213 1599 1266 1428 1607 1749 1452 1879 1923 1686 1299 1289 1319 1423 BCNSPRNW ULIB Ver.6.0+V

เปลี่ยนเป็นภาษาไทย

Change to English
 แสดงรายละเอียดบรรณานุกรม
  กลับหน้าหลัก

Brief Record : Get Marc (ISO 2709) : E-mail record : QR code < ปิดหน้าต่าง
LEADER : 00000nam 2200000uu 4500
001    13399110027
003     ULIB
008    110420s2548||||th 000 0 tha d
020    9749305361
060 04 WG220^bส961ค 2548
245 00 คู่มือ :^bโรคหัวใจ = The ultimate guide book for heartdisease /^cบรรณาธิการที่ปรึกษา, ชุมศักดิ์ พฤกษาพงศ์ ... [และคนอื่นๆ]
246 34 The ultimate guide book for heart disease
250    พิมพ์ครั้งที่ 1
260    กรุงเทพฯ :^bใกล้หมอ,^c2548
300    282 หน้า :^bภาพประกอบ ;^c21 ซม.
650  7 หัวใจ, โรค^vคู่มือ
700 0  ชุมศักดิ์ พฤกษาพงศ์,^eบรรณาธิการที่ปรึกษา
945    ^p299^l0^i017750
945    ^p299^l0^i019765
995    ทศพร
999 ^a ใช้งานได้ทุกระบบ
รายการนี้ยังไม่มีแท็ก
คุณยังไม่ได้ล็อกอิน คุณสามารถมีกิจกรรมร่วมกับเว็บไซต์ได้ แต่ต้องล็อกอินก่อน ::
  ล็อกอิน

รายการสื่อสารสนเทศ

ลำดับที่ ประเภท เลขเรียก/บาร์โค้ด สถานที่ สถานะ
1. วิทยาศาสตร์การแพทย์ และสุขภาพ
วิทยาศาสตร์การแพทย์ และสุขภาพ
สถานะ=หนังสือเก่า
WG220 ส961ค 2548 ฉ.2 
  Barcode: 019765
ห้องสมุดวิทยาเขตสวรรค์ประชารักษ์
►ส่วนจัดเก็บหนังสือเก่า สปร
บนชั้น
  ขอยืม

BibComment


ยังไม่เคยถูกคอมเมนท์

คอมเมนท์ทรัพยากรรายการนี้
  คอมเมนท์: คู่มือ โรคหัวใจ ..


 Copyright 2026. Bcnsprnw @Library